Bruneï pour les touristes... - Facile - Statistiques

Statistiques générales
  • Ce quiz a été pris 5 fois
  • Le résultat moyen est 11 sur 20
Statistiques - réponses
Question Indice Réponses Indice facile % Correct
La religion majoritaire est Islam I
100%
Quelle est la langue officielle ? Malais
100%
Combien d'heures (environ) mettrez-vous pour vous y rendre ? (en chiffres) 20
80%
Dans la capitale quel est le décalage horaire avec Paris ? (+ ou - et chiffre) ex - 10 ou + 3,5 + 6
80%
Le suffixe internet est bn
80%
Achats à faire 2/ Boucliers en Bois SIOB
80%
Quelles sont les principaux lieux touristiques ? O Mosquée {Omar} Ali Saifuddien OMRA
80%
Achats à faire 1/ Calendriers en Os de {poisson} POISONS
80%
Le principal aéroport est B S B Bandar Seri Begawan
60%
Code sur les plaques minéralogiques BRU
60%
Quelle est la monnaie ? Dollar de Bruneï $
60%
Quel est le climat local ? E Equatorial
60%
Achats à faire 4/ Poignard local Kriss KIRSS
60%
Quelles sont les principaux lieux touristiques ? G Marché nocturne de {Gadong} GONDAG
60%
Quel est le régime du pays ? M A D D D Monarchie absolue de droit divin
40%
Comment se nomme la principale compagnie aérienne locale R B A Royal Bruneï Airlines EIRRUYBAILLONNERAI
20%
Quelles sont les principaux lieux touristiques ? R Royal {Regalia} museum GALERAI
20%
Achats à faire 3/ Tissus Jong sarat ANGORASJT
0%
Quelles sont les principaux lieux touristiques ? K A {Kampong Ayer} PYROMANEAGK
0%
Quelles sont les principaux lieux touristiques ? U T Parc national d' {Ulu Temburong} GOULUMENTBRU
0%
Aucun quiz correspondant
Distribution des résultats
% des personnes avec chaque résultat
Percentile par nombre de réponses
Votre historique - résultats
Vous n’avez pas pris ce quiz